Θεμελιώδεις αποφάσεις του δικαστηρίου των ευρωπαϊκών κοινοτήτων = Arrets fondamentaux de la Cour de Justice des Communautes Europeenes
Αποθηκεύτηκε σε:
| Κύριος συγγραφέας: | |
|---|---|
| Μορφή: | Βιβλίο |
| Γλώσσα: | Greek |
| Δημοσίευση: |
Αθήνα :
Σάκκουλας,
1990
|
| Θέματα: | |
| Ετικέτες: |
Προσθήκη ετικέτας
Δεν υπάρχουν, Καταχωρήστε ετικέτα πρώτοι!
|
MARC
| LEADER | 00000cam a2200000 i 4500 | ||
|---|---|---|---|
| 001 | 1/59207 | ||
| 008 | 020304s1990 gre d | ||
| 035 | |l 10000462 | ||
| 040 | |a GR-MY-UA |b gre |e aacr | ||
| 041 | 0 | |a gre | |
| 082 | 0 | |a 341.2422 | |
| 100 | 1 | |a Χρυσομάλλης, Μιχάλης Δ. | |
| 245 | 1 | 0 | |a Θεμελιώδεις αποφάσεις του δικαστηρίου των ευρωπαϊκών κοινοτήτων = |b Arrets fondamentaux de la Cour de Justice des Communautes Europeenes / |c Μιχάλη Χρυσομάλλη |
| 246 | 2 | 1 | |a Arrets fondamentaux de la Cour de Justice des Communautes Europeenes |
| 260 | |a Αθήνα : |b Σάκκουλας, |c 1990 | ||
| 300 | |a 320 σ. | ||
| 505 | 0 | |a τ.1: Κοινοτική έννομη τάξη και κοινοτικό σύστημα έννομης προστασίας | |
| 650 | 0 | 0 | |a Law |z European Economic Community countries. |
| 740 | 0 | 2 | |a Κοινοτική έννομη ταξη και κοινοτικό σύστημα έννομης προστασίας |
| 852 | |a INST |b RHODES |e 20020304 |h 341.2422 ΧΡΥ |p 005400016628 |q 005400016628 |t BK |y 0 | ||
| 901 | |a BIBL4-2002-1 | ||
| 909 | |a Ρ |b 085296 | ||
| 970 | |a ΚΟΥΛΑΚΙΟΤΗ |b ΛΙΤΣΑ |z 2002/03/04 | ||